| 000 | 00536cam a22001932 4500 | ||
|---|---|---|---|
| 001 | 0000023903 | ||
| 005 | 20151217145944.0 | ||
| 008 | 130415s xx 000 0 eng d | ||
| 020 | _a0195724264 : | ||
| 040 |
_aKABU _cKABU |
||
| 100 | 1 |
_aMohamed, Mohamed Suleiman. _@0000183676 |
|
| 245 | 1 | 0 |
_aNyota ya Rehema / _cMohamed Suleiman Mohamed. |
| 250 | _a1st ed. | ||
| 260 |
_aNairobi : _bO. U. P., _c1976. |
||
| 300 | _a174 p. | ||
| 852 | 1 | _9p420 KES | |
| 908 | _a130415 | ||
| 950 | _@1 | ||
| 999 |
_c4457 _d4457 |
||